000 00870nam a22002657a 4500
001 6478
003 FISKH
005 20250827095039.0
008 250506b cb ||||| |||| 00| 0 eng d
020 _a9781740898195
040 _aFISKH
_beng
_cFISKH
_dFISKH
050 _aPZ7
082 _a577
100 _aCoupe, Robert
245 _aTop readers :
_bIn Peril /
_cRobert Coupe
260 _aSydney :
_bWeldon Owen,
_c2008.
300 _a32 pages :
_bcolor illustrations ;
_c23 cm
505 _aR
520 _aThe natureal world is always changing. Many things hunmans do affect our fragile planet-the air we breathe, the land we live on and the seas we swim in/ We need to protect and care for our world.
521 8 _a700
_bLexile estimate
521 8 _aR
_bRaz-Plus
650 _aEarth
_vEnvironment
942 _2ddc
_cBK
_n0
999 _c6478
_d6478